[Event "Gelendzhik op 13th"]
[Site "Gelendzhik"]
[Date "2017.01.05"]
[Round "2"]
[White "Chechetko, Georgy"]
[Black "Kornijuk, Alexandr"]
[Result "1-0"]
[WhiteElo "1876"]
[BlackElo "1307"]
[PlyCount "81"]
[EventDate "2017.01.04"]
[EventType "swiss"]
[EventRounds "9"]
[EventCountry "RUS"]
[SourceTitle "CBM 176 Extra"]
[Source "ChessBase"]
[SourceDate "2017.03.02"]
[SourceVersion "1"]
[SourceVersionDate "2017.03.02"]
[SourceQuality "1"]

1. e4 c6 2. d4 d5 3. exd5 cxd5 4. Bd3 Nc6 5. c3 e6 6. Nf3 Bd6 7. 0-0 Nge7 8. Re1 0-0 9. Nbd2 Qc7 10. Nf1 Bd7 11. Ng3 Ng6 12. Ng5 h6 13. Bxg6 fxg6 14. Nxe6 Bxe6 15. Rxe6 Bxg3 16. hxg3 Qf7 17. Qe2 Rae8 18. Rxe8 Rxe8 19. Be3 g5 20. Qf3 Qxf3 21. gxf3 Na5 22. Re1 Nc4 23. b3 Nb6 24. Bd2 Rxe1+ 25. Bxe1 Kf7 26. Kf1 Ke6 27. Ke2 g6 28. Bd2 Kf5 29. g4+ Kf6 30. f4 gxf4 31. Bxf4 g5 32. Bb8 Nd7 33. Bxa7 b6 34. c4 dxc4 35. bxc4 Ke6 36. Ke3 Kd6 37. Bxb6 Nf6 38. f3 h5 39. gxh5 Nxh5 40. Bd8 Nf4 41. Bxg5 1-0

[Event "Gelendzhik op 13th"]
[Site "Gelendzhik"]
[Date "2017.01.04"]
[Round "1"]
[White "Nikolaev, Artemiy"]
[Black "Chechetko, Georgy"]
[Result "0-1"]
[WhiteElo "1065"]
[BlackElo "1876"]
[PlyCount "110"]
[EventDate "2017.01.04"]
[EventType "swiss"]
[EventRounds "9"]
[EventCountry "RUS"]
[SourceTitle "CBM 176 Extra"]
[Source "ChessBase"]
[SourceDate "2017.03.02"]
[SourceVersion "1"]
[SourceVersionDate "2017.03.02"]
[SourceQuality "1"]

1. c4 Nf6 2. Nc3 g6 3. g3 Bg7 4. Bg2 0-0 5. Nf3 d6 6. 0-0 Nc6 7. d3 a6 8. Bd2 Rb8 9. Rb1 b5 10. cxb5 axb5 11. b4 e5 12. Qc1 Nd4 13. Nxd4 exd4 14. Ne4 Nxe4 15. Bxe4 Bb7 16. Bxb7 Rxb7 17. Qc6 Rb6 18. Qd5 c6 19. Qf3 Qa8 20. Rb2 c5 21. Qxa8 Rxa8 22. Re1 c4 23. Rc2 d5 24. a4 bxa4 25. Ra2 c3 26. Bc1 Rxb4 27. Ba3 Rb5 28. Bd6 Bf8 29. Be5 Bg7 30. Bd6 Rb6 31. Bc5 Rc6 32. Bb4 Bf8 33. Bxf8 Kxf8 34. Ra3 c2 35. Rc1 Rb8 36. Raa1 a3 37. Kf1 a2 38. Rxa2 Rb1 39. Ra8+ Kg7 40. Ra1 Rxa1 41. Rxa1 c1Q+ 42. Rxc1 Rxc1+ 43. Kg2 f5 44. f4 Kf6 45. Kf3 Ra1 46. h4 h6 47. Kf2 g5 48. Kf3 g4+ 49. Kf2 Ke6 50. Kg2 Kd6 51. Kf2 Kc5 52. Kg2 Kb4 53. Kf2 Kc3 54. Kg2 Kd2 55. Kf2 Re1 0-1

[Event "Chigorin Memorial 23rd"]
[Site "St Petersburg"]
[Date "2015.10.03"]
[Round "1"]
[White "Chechetko, Georgy"]
[Black "Grigorjev, Iljya"]
[Result "0-1"]
[WhiteElo "1827"]
[BlackElo "2254"]
[PlyCount "70"]
[EventDate "2015.10.03"]
[EventType "swiss"]
[EventRounds "9"]
[EventCountry "RUS"]
[SourceTitle "CBM 168 Extra"]
[Source "ChessBase"]
[SourceDate "2015.10.29"]
[SourceVersion "1"]
[SourceVersionDate "2015.10.29"]
[SourceQuality "1"]

1. e4 e5 2. Nf3 Nc6 3. d4 exd4 4. Nxd4 Bc5 5. Nxc6 Qf6 6. Qf3 bxc6 7. Bc4 d6 8. Nd2 Qxf3 9. gxf3 Ne7 10. Nb3 Bb6 11. Be3 Ng6 12. a4 Be6 13. Nd2 d5 14. Bxb6 axb6 15. Bd3 Nf4 16. 0-0 Ke7 17. b4 Rhd8 18. e5 c5 19. bxc5 bxc5 20. Rfb1 c4 21. Bf1 Ra7 22. Ra2 Rda8 23. Rba1 Ra5 24. Nb1 d4 25. c3 d3 26. Nd2 Rxe5 27. a5 Rg5+ 28. Kh1 Nh3 29. Bxh3 Bxh3 30. Rg1 Rxg1+ 31. Kxg1 Ra6 32. Nxc4 Be6 33. Ra4 Bxc4 34. Rxc4 d2 35. Rd4 Rd6 0-1